LEADER 00574nam a2200181 i 4500 001 000000177964 003 CaOOAMICUS 005 20090622000000.0 008 090622s1935 it u000 u ita u 013 $a155533 040 $aSeMil$bita 245 13$aLa speranza. 300 $a287 p. 773 0 $tAndando insegnate!.$dTorino : Libreria del S. Cuore, 1935.$g3$w()21529 850 $aSeMil 852 $aSeMil$W1$xVenegono$y1$m2C I 584$j128758$B128758$CSeMilBibl$Z2$F142581 $81 961 $aOmaggio: Giuliani don Angelo 996 $6245$aLa speranza$9(OLS)http://semarc/title/64738 LEADER 00852nam a2200193 i 4500 001 000000191420 003 CaOOAMICUS 005 20250610103714.0 008 100802s1932 it u000 u lat u 013 $a169957 040 $aSeMil$bita 245 10$a6: Curia romana :$bC. Concilii-An. 1761-1917 S.C. Super Statu Regul.-S.C. de religiosis. 300 $aXX, 1034 p. ;$c26 cm. 700 1 $aGasparri, Pietro,$c.$0(OLS)http://semarc/name/4808 773 0 $tCodicis iuris canonici fontes.$dRomae : Typis Polyglottis Vaticanis, 1923-1939.$g6$w()23599 850 $aSeMil 852 $aSeMil$W1$xVenegono$y1$mSL1.N VIII 10$j258204$B142034$CSeMilBibl$Z2$F153598 $8I 996 $6245$a6: Curia romana :$bC. Concilii-An. 1761-1917 S.C. Super Statu Regul.-S.C. de religiosis$9(OLS)http://semarc/title/275814